000 00400nam a2200193Ia 4500
001 12739
003 GE_BSU
008 181216s||||||||xx |||||||||||||| ||und||
040 _cGE_BSU
080 _a821.111-312.4
100 _aCordy,Michael
245 _aCrime Zero
260 _aLondon
260 _bCorgi books
260 _c2000
300 _a500p.18cm.
653 _aCrime Zero
942 _cBK
999 _c45910
_d45910